<?xml version="1.0" encoding="UTF-8"?>
<record
    xmlns:xsi="http://www.w3.org/2001/XMLSchema-instance"
    xsi:schemaLocation="http://www.loc.gov/MARC21/slim http://www.loc.gov/standards/marcxml/schema/MARC21slim.xsd"
    xmlns="http://www.loc.gov/MARC21/slim">

  <leader>00384nam a22001697a 4500</leader>
  <controlfield tag="003">OSt</controlfield>
  <controlfield tag="008">260110b        |||||||| |||| 00| 0 eng d</controlfield>
  <datafield tag="020" ind1=" " ind2=" ">
    <subfield code="a">9789388178907</subfield>
  </datafield>
  <datafield tag="082" ind1=" " ind2=" ">
    <subfield code="a">615.4 AGP</subfield>
  </datafield>
  <datafield tag="100" ind1=" " ind2=" ">
    <subfield code="a">Agarwal, Gaurav</subfield>
  </datafield>
  <datafield tag="245" ind1=" " ind2=" ">
    <subfield code="a">Pharmaceutics-II</subfield>
  </datafield>
  <datafield tag="250" ind1=" " ind2=" ">
    <subfield code="a">Ist</subfield>
  </datafield>
  <datafield tag="260" ind1=" " ind2=" ">
    <subfield code="a">N.Delhi</subfield>
    <subfield code="b">CBS Pub.</subfield>
    <subfield code="c">2024</subfield>
  </datafield>
  <datafield tag="300" ind1=" " ind2=" ">
    <subfield code="a">vii,304</subfield>
  </datafield>
  <datafield tag="650" ind1=" " ind2=" ">
    <subfield code="a">Pharmaceutics </subfield>
  </datafield>
  <datafield tag="942" ind1=" " ind2=" ">
    <subfield code="2">ddc</subfield>
    <subfield code="c">BK</subfield>
  </datafield>
  <datafield tag="999" ind1=" " ind2=" ">
    <subfield code="c">13776</subfield>
    <subfield code="d">13776</subfield>
  </datafield>
  <datafield tag="952" ind1=" " ind2=" ">
    <subfield code="0">0</subfield>
    <subfield code="1">0</subfield>
    <subfield code="2">ddc</subfield>
    <subfield code="4">0</subfield>
    <subfield code="7">0</subfield>
    <subfield code="8">DP</subfield>
    <subfield code="a">PIET</subfield>
    <subfield code="b">PIET</subfield>
    <subfield code="d">2026-01-08</subfield>
    <subfield code="f">IN Rupees</subfield>
    <subfield code="g">375.00</subfield>
    <subfield code="k">ZBD0373</subfield>
    <subfield code="l">0</subfield>
    <subfield code="o">615.4 AGP</subfield>
    <subfield code="p">DP1484</subfield>
    <subfield code="r">2026-01-10 00:00:00</subfield>
    <subfield code="v">243.75</subfield>
    <subfield code="w">2026-01-04</subfield>
    <subfield code="y">REF</subfield>
  </datafield>
  <datafield tag="952" ind1=" " ind2=" ">
    <subfield code="0">0</subfield>
    <subfield code="1">0</subfield>
    <subfield code="2">ddc</subfield>
    <subfield code="4">0</subfield>
    <subfield code="7">0</subfield>
    <subfield code="8">DP</subfield>
    <subfield code="a">PIET</subfield>
    <subfield code="b">PIET</subfield>
    <subfield code="d">2026-01-08</subfield>
    <subfield code="f">IN Rupees</subfield>
    <subfield code="g">375.00</subfield>
    <subfield code="k">ZBD0373</subfield>
    <subfield code="l">0</subfield>
    <subfield code="o">615.4 AGP</subfield>
    <subfield code="p">DP1485</subfield>
    <subfield code="r">2026-01-10 00:00:00</subfield>
    <subfield code="v">243.75</subfield>
    <subfield code="w">2026-01-04</subfield>
    <subfield code="y">BK</subfield>
  </datafield>
  <datafield tag="952" ind1=" " ind2=" ">
    <subfield code="0">0</subfield>
    <subfield code="1">0</subfield>
    <subfield code="2">ddc</subfield>
    <subfield code="4">0</subfield>
    <subfield code="7">0</subfield>
    <subfield code="8">DP</subfield>
    <subfield code="a">PIET</subfield>
    <subfield code="b">PIET</subfield>
    <subfield code="d">2026-01-08</subfield>
    <subfield code="f">IN Rupees</subfield>
    <subfield code="g">375.00</subfield>
    <subfield code="k">ZBD0373</subfield>
    <subfield code="l">0</subfield>
    <subfield code="o">615.4 AGP</subfield>
    <subfield code="p">DP1486</subfield>
    <subfield code="r">2026-01-10 00:00:00</subfield>
    <subfield code="v">243.75</subfield>
    <subfield code="w">2026-01-04</subfield>
    <subfield code="y">BK</subfield>
  </datafield>
  <datafield tag="952" ind1=" " ind2=" ">
    <subfield code="0">0</subfield>
    <subfield code="1">0</subfield>
    <subfield code="2">ddc</subfield>
    <subfield code="4">0</subfield>
    <subfield code="7">0</subfield>
    <subfield code="8">DP</subfield>
    <subfield code="a">PIET</subfield>
    <subfield code="b">PIET</subfield>
    <subfield code="d">2026-01-08</subfield>
    <subfield code="f">IN Rupees</subfield>
    <subfield code="g">375.00</subfield>
    <subfield code="k">ZBD0373</subfield>
    <subfield code="l">0</subfield>
    <subfield code="o">615.4 AGP</subfield>
    <subfield code="p">DP1487</subfield>
    <subfield code="r">2026-01-10 00:00:00</subfield>
    <subfield code="v">243.75</subfield>
    <subfield code="w">2026-01-04</subfield>
    <subfield code="y">BK</subfield>
  </datafield>
  <datafield tag="952" ind1=" " ind2=" ">
    <subfield code="0">0</subfield>
    <subfield code="1">0</subfield>
    <subfield code="2">ddc</subfield>
    <subfield code="4">0</subfield>
    <subfield code="7">0</subfield>
    <subfield code="8">DP</subfield>
    <subfield code="a">PIET</subfield>
    <subfield code="b">PIET</subfield>
    <subfield code="d">2026-01-08</subfield>
    <subfield code="f">IN Rupees</subfield>
    <subfield code="g">375.00</subfield>
    <subfield code="k">ZBD0373</subfield>
    <subfield code="l">0</subfield>
    <subfield code="o">615.4 AGP</subfield>
    <subfield code="p">DP1488</subfield>
    <subfield code="r">2026-01-10 00:00:00</subfield>
    <subfield code="v">243.75</subfield>
    <subfield code="w">2026-01-04</subfield>
    <subfield code="y">BK</subfield>
  </datafield>
</record>
